Enfermedades tropicales / (Record no. 97061)

MARC details
000 -LEADER
campo de control de longitud fija 00548nam a2200169 i 4500
001 - NÚMERO DE CONTROL
campo de control 97061
003 - IDENTIFICADOR DE NÚMERO DE CONTROL
campo de control ES-MaACL
007 - CAMPO FIJO DE DESCRIPCIÓN FÍSICA--INFORMACIÓN GENERAL
campo de control de longitud fija t|
008 - DATOS DE LONGITUD FIJA--INFORMACIÓN GENERAL
campo de control de longitud fija 050706s1942 sp ||||1| spa d
100 1# - ENTRADA PRINCIPAL--NOMBRE DE PERSONA
Nombre de persona Manson-Bahr, Felipe H.
9 (RLIN) 76141
245 10 - MENCIÓN DEL TÍTULO
Título Enfermedades tropicales /
Mención de responsabilidad, etc. por Felipe H. Manson-Bahr.
250 ## - MENCION DE EDICION
Mención de edición 11ª ed.
260 ## - PUBLICACIÓN, DISTRIBUCIÓN, ETC.
Lugar de publicación, distribución, etc. Barcelona :
Nombre del editor, distribuidor, etc. Salvat,
Fecha de publicación, distribución, etc. 1942.
300 ## - DESCRIPCIÓN FÍSICA
Extensión XVI, 966 p., lám. I-XXXIII neg. y col., 1 lám., 2 h. pleg. :
Otras características físicas map. I-VI (1), il. ;
Dimensiones 25 cm.
500 ## - NOTA GENERAL
Nota general (1) 2º, 3º, 5º y 6º pleg.
852 ## - LOCALIZACIÓN
Ubicación ES-MaACL
Número de control de estantería E-49
Sublocalización o colección R.22462
Holdings
Estatus retirado Estado de pérdida Estado de daño No para préstamo Biblioteca de origen Biblioteca actual Ubicación en estantería Fecha de adquisición Fuente de adquisición Total de préstamos Signatura topográfica completa Código de barras Visto por última vez Precio de reemplazo Tipo de ítem Koha
        Biblioteca del Ateneo de Madrid Biblioteca del Ateneo de Madrid Depósito 2 17/01/2008     E-49 1101333 23/02/2023 23/02/2023 Libro impreso